[Event "RUS-ch"]
[Site "Elista"]
[Date "1995.??.??"]
[Round "9"]
[White "Kharlov, Andrei"]
[Black "Zvjaginsev, Vadim"]
[Result "1/2-1/2"]
[WhiteElo "2555"]
[BlackElo "2600"]
[PlyCount "91"]
[EventDate "1995.10.??"]
[EventType "swiss"]
[EventRounds "11"]
[EventCountry "RUS"]
[SourceTitle "CBM 050"]
[Source "ChessBase"]
[SourceDate "1996.02.01"]
[SourceVersion "1"]
[SourceVersionDate "1996.02.01"]
[SourceQuality "1"]

1. c4 e6 2. d4 Nf6 3. Nf3 d5 4. e3 c5 5. cxd5 exd5 6. Nc3 Nc6 7. Bb5 Bd6 8. O-O
O-O 9. h3 Re8 10. dxc5 Bxc5 11. b3 Bb6 12. Bb2 Qd6 13. Na4 Bc7 14. Bxf6 gxf6
15. Bxc6 bxc6 16. Qc2 Kh8 17. Rfc1 Bd7 18. Nc5 Rac8 19. Nxd7 Qxd7 20. Kf1 Be5
21. Rab1 c5 22. Qd3 Qe6 23. Rd1 Red8 24. Nh4 Bc7 25. Qc2 Bb6 26. Nf5 d4 27. e4
c4 28. bxc4 Rxc4 29. Qe2 d3 30. Rxd3 Rxd3 31. Qxd3 Qxe4 32. Qxe4 Rxe4 33. Re1
Re6 34. Rc1 h5 35. Rc8+ Kh7 36. g4 hxg4 37. hxg4 Re4 38. f3 Ra4 39. Rf8 Rxa2
40. Rxf7+ Kh8 41. Rxf6 Rf2+ 42. Ke1 Rxf3 43. g5 Bd8 44. Rf8+ Kh7 45. Ke2 Rf4
46. Rxd8 1/2-1/2

[Event "RUS-ch"]
[Site "Elista"]
[Date "1995.??.??"]
[Round "10"]
[White "Ruban, Vadim"]
[Black "Kharlov, Andrei"]
[Result "1/2-1/2"]
[WhiteElo "2535"]
[BlackElo "2555"]
[PlyCount "22"]
[EventDate "1995.10.??"]
[EventType "swiss"]
[EventRounds "11"]
[EventCountry "RUS"]
[SourceTitle "CBM 050"]
[Source "ChessBase"]
[SourceDate "1996.02.01"]
[SourceVersion "1"]
[SourceVersionDate "1996.02.01"]
[SourceQuality "1"]

1. d4 d5 2. c4 e6 3. Nc3 c6 4. Nf3 Nf6 5. Bg5 h6 6. Bxf6 Qxf6 7. e3 Nd7 8. Bd3
dxc4 9. Bxc4 g6 10. O-O Bg7 11. Rc1 O-O 1/2-1/2

[Event "RUS-ch"]
[Site "Elista"]
[Date "1995.??.??"]
[Round "11"]
[White "Kharlov, Andrei"]
[Black "Rustemov, Alexander"]
[Result "1-0"]
[WhiteElo "2555"]
[BlackElo "2475"]
[PlyCount "85"]
[EventDate "1995.10.??"]
[EventType "swiss"]
[EventRounds "11"]
[EventCountry "RUS"]
[SourceTitle "CBM 050"]
[Source "ChessBase"]
[SourceDate "1996.02.01"]
[SourceVersion "1"]
[SourceVersionDate "1996.02.01"]
[SourceQuality "1"]

1. d4 g6 2. e4 Bg7 3. Nc3 d6 4. Be3 a6 5. a4 Nf6 6. h3 O-O 7. g4 e5 8. dxe5
dxe5 9. g5 Qxd1+ 10. Rxd1 Nh5 11. Nd5 Nc6 12. Nxc7 Rb8 13. Bc5 Nd4 14. Bxf8
Bxf8 15. c3 Ne6 16. Nxe6 Bxe6 17. a5 h6 18. h4 Bb3 19. Rd2 hxg5 20. hxg5 Nf4
21. Nh3 Ne6 22. Bd3 Be7 23. Rg1 Bd8 24. Bc2 Bxc2 25. Rxc2 Bxa5 26. Ke2 Kg7 27.
Kf3 Rd8 28. Kg4 Rd3 29. Rg2 Bc7 30. f3 Rd1 31. Rcd2 Ra1 32. Rg1 Ra2 33. Rb1 Ra4
34. Rd5 b5 35. Nf2 b4 36. cxb4 Rxb4 37. Nd3 Rb3 38. Rc1 Bb8 39. Rc3 Rb7 40. b4
Nd4 41. Rc8 Ne6 42. Nc5 Nxc5 43. bxc5 1-0

[Event "Bern Cup"]
[Site "Bern"]
[Date "1996.??.??"]
[Round "2"]
[White "Kharlov, Andrei"]
[Black "Sadler, Matthew"]
[Result "0-1"]
[WhiteElo "2575"]
[BlackElo "2600"]
[PlyCount "86"]
[EventDate "1996.??.??"]
[EventType "swiss"]
[EventCountry "SUI"]
[SourceTitle "CBM 051 ext"]
[Source "ChessBase"]
[SourceDate "1996.05.01"]
[SourceVersion "1"]
[SourceVersionDate "1996.05.01"]
[SourceQuality "1"]

1. d4 d5 2. Bf4 Nf6 3. e3 c5 4. Nf3 Nc6 5. c3 Qb6 6. Qb3 c4 7. Qc2 Bf5 8. Qc1
e6 9. Nbd2 Qd8 10. b3 b5 11. a4 a6 12. Be2 Be7 13. O-O O-O 14. Qb2 Qd7 15. Rfd1
h6 16. Ne5 Nxe5 17. dxe5 Ne4 18. bxc4 bxc4 19. Nxe4 Bxe4 20. Bxc4 Rab8 21. Qd2
Qc6 22. Bf1 Rb3 23. f3 Bg6 24. c4 dxc4 25. Qd7 Qc5 26. Bxc4 Qxc4 27. Qxe7 Rb2
28. Qh4 Rc8 29. Qg3 Qb3 30. h4 Kh7 31. Kh2 Bd3 32. h5 Rcc2 33. Rg1 a5 34. Qh4
Re2 35. Rae1 Rxe1 36. Rxe1 Qxa4 37. Qd8 Qc2 38. Rg1 Bf1 39. Qd4 Bxg2 40. Qe4+
Qxe4 41. fxe4 Bxe4+ 42. Kg3 Rb1 43. Rxb1 Bxb1 0-1

[Event "Bern Cup"]
[Site "Bern"]
[Date "1996.??.??"]
[Round "4"]
[White "Lagunow, Alexander"]
[Black "Kharlov, Andrei"]
[Result "1/2-1/2"]
[WhiteElo "2420"]
[BlackElo "2575"]
[PlyCount "36"]
[EventDate "1996.??.??"]
[EventType "swiss"]
[EventCountry "SUI"]
[SourceTitle "CBM 051 ext"]
[Source "ChessBase"]
[SourceDate "1996.05.01"]
[SourceVersion "1"]
[SourceVersionDate "1996.05.01"]
[SourceQuality "1"]

1. Nf3 Nf6 2. c4 e6 3. g3 b6 4. Bg2 Bb7 5. O-O Be7 6. d4 O-O 7. Nc3 Ne4 8. Bd2
Bf6 9. Rc1 c5 10. d5 exd5 11. cxd5 Nxd2 12. Nxd2 d6 13. Nde4 Be5 14. Qd2 Ba6
15. Rfe1 g6 16. Qh6 Bg7 17. Qf4 Be5 18. Qh6 Bg7 1/2-1/2

[Event "Bern Cup"]
[Site "Bern"]
[Date "1996.??.??"]
[Round "5"]
[White "Kharlov, Andrei"]
[Black "Epishin, Vladimir"]
[Result "1/2-1/2"]
[WhiteElo "2575"]
[BlackElo "2645"]
[PlyCount "150"]
[EventDate "1996.??.??"]
[EventType "swiss"]
[EventCountry "SUI"]
[SourceTitle "CBM 051 ext"]
[Source "ChessBase"]
[SourceDate "1996.05.01"]
[SourceVersion "1"]
[SourceVersionDate "1996.05.01"]
[SourceQuality "1"]

1. d4 Nf6 2. c4 e6 3. Nc3 Bb4 4. Qc2 d5 5. cxd5 Qxd5 6. Nf3 Qh5 7. Qd1 c5 8. e3
cxd4 9. Nxd4 Qc5 10. Bd2 O-O 11. a3 Bxc3 12. Bxc3 Rd8 13. Bb4 Qe5 14. Qc2 Bd7
15. Bc3 Rc8 16. Bd3 Qh5 17. Ne2 Nd5 18. O-O Nxc3 19. Nxc3 Bc6 20. Rfd1 Nd7 21.
Be4 Nb6 22. Rd4 g6 23. Rad1 Qc5 24. Bxc6 Rxc6 25. Qe2 Qe7 26. e4 Rac8 27. g3
Qc5 28. h4 h5 29. Nb5 Nc4 30. a4 a6 31. b3 axb5 32. axb5 Qxb5 33. bxc4 Rxc4 34.
Rd7 Qe5 35. Qf3 Rf8 36. Rxb7 Qxe4 37. Qxe4 Rxe4 38. Rdb1 Kg7 39. Rb8 Rxb8 40.
Rxb8 Kf6 41. Rb7 e5 42. Rb6+ Kf5 43. Rb7 Kf6 44. Rb6+ Kg7 45. Kf1 Rd4 46. Ke2
Re4+ 47. Kf1 Kf8 48. Rb8+ Ke7 49. Rb7+ Kf6 50. Rb6+ Kf5 51. Rb7 f6 52. Rb6 Ra4
53. Rb8 Ke4 54. Kg2 Ra6 55. Rg8 Kf5 56. Rb8 Rd6 57. Re8 Ke4 58. Rg8 f5 59. Ra8
Kd3 60. Ra3+ Kd2 61. Kf3 Rc6 62. Ra5 Rc1 63. Kg2 e4 64. Ra3 Ke1 65. Re3+ Kd2
66. Ra3 Rb1 67. Re3 Rb2 68. Kf1 Rb1+ 69. Kg2 Ra1 70. Rb3 Ra2 71. Kf1 Ra1+ 72.
Kg2 Rc1 73. Ra3 Rc6 74. Rb3 Ra6 75. Kf1 Ra1+ 1/2-1/2

[Event "Vienna op"]
[Site "Vienna"]
[Date "1996.??.??"]
[Round "1"]
[White "Hoelzl, Franz"]
[Black "Kharlov, Andrei"]
[Result "1/2-1/2"]
[WhiteElo "2435"]
[BlackElo "2605"]
[PlyCount "130"]
[EventDate "1996.??.??"]
[EventType "swiss"]
[EventCountry "AUT"]
[SourceTitle "CBM 053 ext"]
[Source "ChessBase"]
[SourceDate "1996.09.01"]
[SourceVersion "1"]
[SourceVersionDate "1996.09.01"]
[SourceQuality "1"]

1. d4 d5 2. c4 e6 3. Nf3 Nf6 4. e3 c5 5. Nc3 Nc6 6. a3 cxd4 7. exd4 Be7 8. c5
Ne4 9. Qc2 f5 10. Bb5 Bf6 11. O-O O-O 12. Bxc6 bxc6 13. Bf4 g5 14. Be5 g4 15.
Bxf6 Rxf6 16. Ne5 Rh6 17. g3 Ng5 18. f4 gxf3 19. h4 f2+ 20. Kg2 Ne4 21. Nxe4
dxe4 22. Qd2 Rh5 23. Qe2 Qe8 24. Rxf2 Rb8 25. Qe3 Rb7 26. Rg1 Rg7 27. Kh3 Bd7
28. Rf4 Qd8 29. Qf2 Be8 30. Re1 Kh8 31. Rexe4 Rh6 32. Re3 Rb7 33. Kh2 Rf6 34.
Nc4 Bh5 35. Re1 Qd5 36. Ne3 Qa2 37. b4 Qxa3 38. g4 Bf7 39. g5 Rg6 40. Nc2 Qb2
41. Qd2 h6 42. Rf2 hxg5 43. hxg5 Bg8 44. Kg3 Rh7 45. Rh2 Rxh2 46. Qxh2+ Kg7 47.
Kf4 Qa2 48. Qe2 Kf8 49. Ne3 Qb3 50. Qd2 Rg7 51. Ra1 Rd7 52. Ke5 f4 53. Rf1 Kg7
54. Kxf4 e5+ 55. Kg3 Rxd4 56. Qe1 Bd5 57. Rf3 Bxf3 58. Nf5+ Kg6 59. Nxd4 exd4
60. Qe8+ Kxg5 61. Qe5+ Kg6 62. Qd6+ Kg7 63. Qxd4+ Kf7 64. Qf4+ Ke7 65. Qxf3 Qe6
1/2-1/2

[Event "Vienna op"]
[Site "Vienna"]
[Date "1996.??.??"]
[Round "2"]
[White "Kharlov, Andrei"]
[Black "Roeder, Mathias"]
[Result "1/2-1/2"]
[WhiteElo "2605"]
[BlackElo "2435"]
[PlyCount "81"]
[EventDate "1996.??.??"]
[EventType "swiss"]
[EventCountry "AUT"]
[SourceTitle "CBM 053 ext"]
[Source "ChessBase"]
[SourceDate "1996.09.01"]
[SourceVersion "1"]
[SourceVersionDate "1996.09.01"]
[SourceQuality "1"]

1. e4 c5 2. Ne2 Nf6 3. Nbc3 d6 4. g3 Nc6 5. Bg2 g6 6. d4 cxd4 7. Nxd4 Bd7 8.
O-O Qc8 9. Nde2 Bh3 10. f3 Bxg2 11. Kxg2 Bg7 12. Be3 b5 13. Qd2 h5 14. Nxb5 h4
15. Nbd4 Ne5 16. b3 hxg3 17. Nxg3 d5 18. Bf4 Qh3+ 19. Kg1 Nh5 20. Nxh5 Rxh5 21.
Rad1 Rd8 22. Qe2 dxe4 23. fxe4 Rxd4 24. Rxd4 Nf3+ 25. Rxf3 Bxd4+ 26. Kh1 Qg4
27. Bg3 Be5 28. Bxe5 Rxe5 29. Re3 Qf4 30. Kg2 f5 31. Qf3 Qg5+ 32. Kf2 fxe4 33.
Qg3 Qf6+ 34. Ke2 Qa6+ 35. Ke1 Rf5 36. Re2 Qa5+ 37. c3 Kf7 38. Qh3 Qc5 39. Qh7+
Kf6 40. Qh8+ Kf7 41. Qh7+ 1/2-1/2

[Event "Vienna op"]
[Site "Vienna"]
[Date "1996.??.??"]
[Round "3"]
[White "Brendel, Oliver"]
[Black "Kharlov, Andrei"]
[Result "0-1"]
[WhiteElo "2420"]
[BlackElo "2605"]
[Annotator "Chekhov"]
[PlyCount "92"]
[EventDate "1996.??.??"]
[EventType "swiss"]
[EventCountry "AUT"]
[SourceTitle "CBM 053 ext"]
[Source "ChessBase"]
[SourceDate "1996.09.01"]
[SourceVersion "1"]
[SourceVersionDate "1996.09.01"]
[SourceQuality "1"]

1. e4 c5 2. Nf3 Nc6 3. d4 cxd4 4. Nxd4 Nf6 5. Nc3 e5 6. Ndb5 d6 7. Nd5 Nxd5 8.
exd5 Nb8 (8... Ne7 $5) 9. c4 Be7 (9... a6 10. Nc3 Bf5 11. Bd3 $6 (11. Be2 $5)
11... Bxd3 12. Qxd3 Be7 13. O-O O-O 14. Be3 (14. f4 $5) 14... Nd7 15. b4 Rc8
16. Rfd1 f5 $15 {Veselovsky,S-Chekhov,V/Moscow/1978/0|1/35/}) 10. Bd3 (10. Be2
$5 a6 11. Nc3 O-O 12. O-O f5 13. f4 (13. Rb1 Nd7 14. b4 e4 15. Be3 Bf6 16. Bd4
Be5 17. c5 Qf6 18. Bxe5 Nxe5 $6 (18... Qxe5 $5) 19. c6 $1 $36 {Ye,J-Chekhov,V/
Beijing/1991/1|0/48/}) 13... Bf6 14. g3 Nd7 15. Qc2 exf4 16. gxf4 Bd4+ 17. Kh1
Nc5 18. Bf3 Bd7 19. Rb1 b5 20. b4 Ne4 $1 $132 {Yudasin,L-Kramnik,V/Wijk aan
Zee/1994/0,5/31/}) 10... a6 11. Nc3 f5 12. f3 Bg5 13. Qc2 (13. O-O O-O 14. Kh1
Nd7 15. b4 a5 $6 (15... b6 $5) 16. a3 $1 $16 {Kolasinski,M-Chekhov,V/Wisla/
1992/0,5/48/}) 13... Bxc1 14. Rxc1 O-O 15. O-O b6 16. b4 Ra7 17. Rfe1 (17. a4
$5) 17... Rc7 18. a4 Bd7 19. Qa2 (19. a5 bxa5 20. bxa5 Rc5 $17) 19... a5 20.
Nb5 (20. bxa5 bxa5 21. Nb5 Rc5 $22 22. Nxd6 Qb6 23. Nb5 Rxb5+ $19) 20... Bxb5
21. cxb5 Rxc1 22. Rxc1 axb4 23. Qb1 Qg5 24. Rc7 (24. Qxb4 $4 Qxc1+ $19) (24.
Kh1 Nd7 25. Rc4 Nc5 26. Bc2 e4 $36) 24... e4 25. Be2 (25. fxe4 $2 fxe4 26. Bxe4
Qe3+ 27. Kh1 Qxe4 $19) 25... exf3 26. Bxf3 Qe3+ 27. Kf1 Qd4 (27... b3 $2 28.
Qb2 $1 $36) 28. Qe1 h6 29. Qe6+ Kh7 30. Bh5 Qf4+ (30... b3 31. Bg6+ Kh8 32. Qf7
Rg8 $4 (32... Qf6 33. Qxf6 gxf6 34. Bxf5 $16) (32... Qd1+ $10) 33. Qxg8+ Kxg8
34. Rc8#) 31. Kg1 Qg5 32. Bd1 Qd8 33. Qe7 (33. Re7 Qc8 34. Bh5 (34. Qxc8 Rxc8
35. Kf2 Rd8 36. Bc2 Kg8) 34... Qxe6 (34... Qc5+ 35. Kf1 Qc1+ 36. Kf2 Qf4+ 37.
Kg1 Qg5 38. Bd1 Qc1 $17) 35. dxe6 b3 36. Bd1 b2 37. Bc2 Kg6 38. Rc7 (38. Rb7
Kf6 39. Rxb6 Rc8 40. Bd3 Rc3 $19) 38... Kf6 39. Rc4 Kxe6 40. Rb4 Rc8 41. Rxb2
Nd7 $17) (33. Rb7 Qc8 34. Qxc8 Rxc8 35. Kf2 $13) 33... Qxe7 34. Rxe7 Rc8 (34...
Rd8 $5) 35. Kf2 Rd8 36. Bc2 Kg8 (36... Kg6 37. g4 Kf6 38. Re6+ Kf7 39. Bxf5 $16
) 37. Re6 $6 (37. Bxf5 $4 Rf8 $19) (37. Ke3 $1 Kf8 (37... Nd7 38. Bxf5 Nc5 39.
Kd4 $132) 38. Rb7 Nd7 (38... g6 39. Rxb6 $16) 39. Bxf5 Nc5 40. Rxb6 Nxa4 41.
Rc6 $132) 37... Rc8 38. Bxf5 $6 (38. Bd1 $5) 38... Rf8 39. g4 b3 40. Kg3 (40.
Ke3 $4 Rxf5 41. gxf5 b2 $19) 40... Nd7 41. Bg6 (41. Rxd6 $2 Rxf5 42. gxf5 b2
$19) 41... Ne5 42. Be4 b2 43. Kg2 (43. Rxd6 Rf3+ 44. Kg2 Rf4 45. Bb1 Rxg4+ 46.
Kf2 Rxa4 $19) 43... Rf4 44. Bb1 Rd4 45. a5 (45. Rxd6 Rd1 46. Bf5 Nd3 47. Bg6
Nf4+ $19) 45... Rd1 46. Be4 Nd3 (46... Nd3 47. Bg6 Nf4+ $19) 0-1

[Event "Vienna op"]
[Site "Vienna"]
[Date "1996.??.??"]
[Round "4"]
[White "Kharlov, Andrei"]
[Black "Horvath, Jozsef"]
[Result "0-1"]
[WhiteElo "2605"]
[BlackElo "2515"]
[PlyCount "64"]
[EventDate "1996.??.??"]
[EventType "swiss"]
[EventCountry "AUT"]
[SourceTitle "CBM 053 ext"]
[Source "ChessBase"]
[SourceDate "1996.09.01"]
[SourceVersion "1"]
[SourceVersionDate "1996.09.01"]
[SourceQuality "1"]

1. d4 Nf6 2. c4 g6 3. g3 Bg7 4. Bg2 d5 5. Nf3 dxc4 6. O-O c6 7. Na3 b5 8. Ne5
Nd5 9. Nc2 Bb7 10. e4 Nb6 11. Qf3 O-O 12. Ng4 Qe8 13. Nh6+ Kh8 14. e5 N8d7 15.
Re1 Nd5 16. b3 cxb3 17. Qxb3 N7b6 18. Re4 Bc8 19. Rh4 Be6 20. Qd3 Rd8 21. f4 f5
22. g4 Bxh6 23. Rxh6 fxg4 24. Qg3 Qf7 25. a4 bxa4 26. Qh4 Qg7 27. f5 Bxf5 28.
Ne3 Nf4 29. Nxf5 Rxf5 30. Be4 Nh3+ 31. Kg2 Rf2+ 32. Kh1 Rf1+ 0-1

[Event "Vienna op"]
[Site "Vienna"]
[Date "1996.??.??"]
[Round "5"]
[White "Skomorokhin, Roman"]
[Black "Kharlov, Andrei"]
[Result "1-0"]
[WhiteElo "2450"]
[BlackElo "2605"]
[PlyCount "77"]
[EventDate "1996.??.??"]
[EventType "swiss"]
[EventCountry "AUT"]
[SourceTitle "CBM 053 ext"]
[Source "ChessBase"]
[SourceDate "1996.09.01"]
[SourceVersion "1"]
[SourceVersionDate "1996.09.01"]
[SourceQuality "1"]

1. d4 d5 2. Nf3 Nf6 3. c4 e6 4. Bg5 Bb4+ 5. Nbd2 dxc4 6. Qc2 b5 7. a4 c6 8.
Bxf6 gxf6 9. g3 Bb7 10. Bg2 Nd7 11. O-O a6 12. Rfd1 Qb6 13. b3 cxb3 14. Nxb3 c5
15. a5 Qa7 16. Qb2 c4 17. Nbd2 Be7 18. Rab1 Rc8 19. Qc2 f5 20. d5 Bxd5 21. e4
fxe4 22. Nxe4 Qa8 23. Ne1 b4 24. Qe2 Kd8 25. Nd2 Re8 26. Ndf3 Rc7 27. Nc2 b3
28. Ne3 Bc5 29. Ng5 Bxg2 30. Nxg2 Kc8 31. Nxf7 Qc6 32. Nf4 c3 33. Rxb3 c2 34.
Qxc2 Re7 35. Ng5 Ne5 36. Qb2 Bxf2+ 37. Qxf2 h6 38. Ngxe6 Rxe6 39. Nxe6 1-0

[Event "Vienna op"]
[Site "Vienna"]
[Date "1996.??.??"]
[Round "6"]
[White "Kharlov, Andrei"]
[Black "Tratar, Marko"]
[Result "1-0"]
[WhiteElo "2605"]
[BlackElo "2420"]
[PlyCount "63"]
[EventDate "1996.??.??"]
[EventType "swiss"]
[EventCountry "AUT"]
[SourceTitle "CBM 053 ext"]
[Source "ChessBase"]
[SourceDate "1996.09.01"]
[SourceVersion "1"]
[SourceVersionDate "1996.09.01"]
[SourceQuality "1"]

1. e4 c5 2. Nf3 d6 3. d4 cxd4 4. Nxd4 Nf6 5. Nc3 e6 6. Be2 Be7 7. O-O O-O 8. f4
a6 9. a4 Nc6 10. Be3 Qc7 11. Kh1 Re8 12. Qd2 Bd7 13. Nb3 b6 14. Bf3 Rab8 15. g4
Bc8 16. g5 Nd7 17. Bg2 Na5 18. Nxa5 bxa5 19. b3 Bb7 20. Ne2 Rbc8 21. Ra2 Ba8
22. Ng3 g6 23. Qe1 Nb8 24. h4 Nc6 25. c4 Nb4 26. Re2 Nd3 27. Qc3 Nc5 28. f5 Rb8
29. Bxc5 Qxc5 30. fxe6 fxe6 31. Bh3 Bf8 32. Rxf8+ 1-0

[Event "Vienna op"]
[Site "Vienna"]
[Date "1996.??.??"]
[Round "7"]
[White "Sulava, Nenad"]
[Black "Kharlov, Andrei"]
[Result "1/2-1/2"]
[WhiteElo "2430"]
[BlackElo "2605"]
[Annotator "Chekhov"]
[PlyCount "84"]
[EventDate "1996.??.??"]
[EventType "swiss"]
[EventCountry "AUT"]
[SourceTitle "CBM 053 ext"]
[Source "ChessBase"]
[SourceDate "1996.09.01"]
[SourceVersion "1"]
[SourceVersionDate "1996.09.01"]
[SourceQuality "1"]

1. d4 d5 2. c4 dxc4 3. Nf3 Nf6 4. Nc3 e6 5. e4 Bb4 6. Bg5 c5 7. Bxc4 cxd4 8.
Nxd4 Nbd7 (8... Bxc3+ $5 9. bxc3 Qa5) 9. O-O Bxc3 10. bxc3 Qa5 11. e5 $6 {N/} (
11. Bxf6 Nxf6 12. Bb5+ Bd7 13. Rb1 (13. e5 Bxb5 14. Nxb5 Qxb5 15. exf6 gxf6 16.
Qf3 f5 17. Rfb1 Qc6 $10) 13... Bxb5 14. Rxb5 Qxa2 15. e5 Nd7 16. Rxb7 Nb6 17.
Qa1 $14 {Ftacnik,L-Mikhalchishin,A/GER/1994/0,5/23/}) (11. Bh4 $5 O-O 12. Qe2 (
12. Re1 Ne5 13. Bf1 Bd7 14. Nb3 Qd8 15. Bg3 Ng6 16. Bd6 Re8 17. e5 Nd5 18. c4
Nde7 19. Nd4 $14 {Sakaev,K-Kharlov,A/Budva/1996/0,5/59/}) 12... Qc5 13. Rad1 b6
14. Kh1 Bb7 15. f3 Rfc8 16. Bb3 Kh8 17. Nb5 $36 {Vyzmanavin,A-Huzman,A/
Tashkent/1987/1|0/41/}) 11... Qxe5 12. f4 Qc5 (12... Qe3+ 13. Kh1 Ne4 14. Nb5
O-O 15. Bh4 $22 Nxc3 16. Qb3 Nd5 17. Bxd5 $18) 13. Qe2 O-O 14. Kh1 h6 15. f5 $5
(15. Bh4 $5) 15... hxg5 (15... e5 16. Ne6 fxe6 17. fxe6 Nb6 (17... hxg5 18. e7+
Kh7 (18... Rf7 19. e8=Q+ Nxe8 20. Bxf7+ $40) 19. exf8=Q Qxf8 20. Rad1 $44) 18.
e7+ Qxc4 19. exf8=Q+ Kxf8 20. Qxc4 Nxc4 21. Bxf6 gxf6 22. Rxf6+ Kg7 23. Raf1
$132) 16. fxe6 Ne5 17. Bb3 Bxe6 18. Nxe6 fxe6 19. Rae1 Nf7 (19... Nfd7 20.
Bxe6+ Kh7 21. Qh5#) 20. Qd3 Qd6 $6 (20... Rae8 $5 21. Qg6 (21. Rxe6 Rxe6 22.
Bxe6 Qe5 $17) 21... Nh8 (21... Nd8 22. Rxf6 $1 $36) 22. Qd3 Qc6 $17) 21. Qxd6
Nxd6 22. Rxe6 Nf7 23. Re7 b5 (23... Rae8 24. Rxb7 a5 25. h3 $44) 24. g4 a5 $6 (
24... Rae8 $5 25. Rxa7 Re4 26. h3 (26. Rg1 g6 $17) 26... Re3 27. Kg2 Rxc3 $17)
25. h4 gxh4 $6 (25... a4 $5 26. Bxf7+ Rxf7 27. Rxf7 Kxf7 28. hxg5 Rc8 (28...
Kg6 29. gxf6 gxf6 30. Rf5 Rb8 31. Kg2 $10) 29. gxf6 Rxc3 (29... gxf6 30. g5
Rxc3 31. Rxf6+ Kg7 32. Rb6 $10) 30. fxg7+ Kxg7 31. Rb1 $10) 26. g5 a4 27. Be6
Kh7 (27... Rae8 $2 28. gxf6 gxf6 (28... Rxe7 29. fxe7 $18) 29. Bxf7+ $18) 28.
gxf6 Ng5 (28... Ne5 29. Bf5+ Ng6 30. Rxg7+ $18) (28... Nd6 29. Rxg7+ Kh6 30.
Rf4 Kh5 31. Bd5 $18) (28... Nh6 29. Rxg7+ Kh8 30. Rf4 $36) 29. Bf5+ Kh6 30.
fxg7 Rf6 (30... Rf7 31. Rxf7 Nxf7 32. Be6 $18) 31. Rf4 Nf7 (31... Kh5 $5) 32.
Re6 $1 Kxg7 (32... Rxe6 33. Bxe6 Kxg7 34. Rxf7+ Kg6 35. Rb7 $18) 33. Rg4+ Ng5
34. Rxg5+ Kf7 35. Rxf6+ $6 (35. Re5 $18) 35... Kxf6 36. Rh5 Rd8 37. Bg4 Rd2 38.
Rxb5 $6 (38. a3 $5 Ra2 39. Rxb5 Rxa3 40. c4 Rc3 41. Be2 a3 42. Ra5 Rc2 $10)
38... Rxa2 39. Rb1 (39. c4 Rc2 40. c5 a3 41. Ra5 a2 42. c6 $10) 39... a3 (39...
Rc2 $10) 40. Bd1 Ke5 41. Bb3 Rb2 42. Rxb2 axb2 1/2-1/2

[Event "Vienna op"]
[Site "Vienna"]
[Date "1996.??.??"]
[Round "8"]
[White "Kharlov, Andrei"]
[Black "Voekler, Bernd"]
[Result "1-0"]
[WhiteElo "2605"]
[BlackElo "2385"]
[PlyCount "75"]
[EventDate "1996.??.??"]
[EventType "swiss"]
[EventCountry "AUT"]
[SourceTitle "CBM 053 ext"]
[Source "ChessBase"]
[SourceDate "1996.09.01"]
[SourceVersion "1"]
[SourceVersionDate "1996.09.01"]
[SourceQuality "1"]

1. e4 c5 2. Nf3 d6 3. d4 cxd4 4. Nxd4 Nf6 5. Nc3 a6 6. Be3 e5 7. Nf3 Be7 8. Bc4
O-O 9. O-O h6 10. Qe2 Be6 11. Rfd1 Qc7 12. Bb3 Nc6 13. Nh4 Na5 14. Bxe6 fxe6
15. Ng6 Rf7 16. a4 Rc8 17. Nxe7+ Rxe7 18. Rd3 Nc4 19. Bc1 Nb6 20. Qd1 Rd7 21.
b3 Qd8 22. a5 Na8 23. f4 exf4 24. Bxf4 e5 25. Be3 Rc6 26. Nd5 Nxd5 27. exd5 Rc8
28. c4 Rf7 29. Qg4 Rf6 30. Bd2 Rc7 31. Rh3 Qc8 32. Qg3 Rcf7 33. Rxh6 Rf2 34.
Be3 Rb2 35. Rxd6 Rxb3 36. Qxe5 Qg4 37. Rd8+ Kh7 38. h3 1-0

[Event "Vienna op"]
[Site "Vienna"]
[Date "1996.??.??"]
[Round "9"]
[White "Kveinys, Aloyzas"]
[Black "Kharlov, Andrei"]
[Result "1/2-1/2"]
[WhiteElo "2530"]
[BlackElo "2605"]
[PlyCount "149"]
[EventDate "1996.??.??"]
[EventType "swiss"]
[EventCountry "AUT"]
[SourceTitle "CBM 053 ext"]
[Source "ChessBase"]
[SourceDate "1996.09.01"]
[SourceVersion "1"]
[SourceVersionDate "1996.09.01"]
[SourceQuality "1"]

1. e4 c5 2. Nf3 Nc6 3. Bb5 d6 4. O-O Bd7 5. Re1 a6 6. Bf1 Bg4 7. d3 Nf6 8. c3
e6 9. h3 Bh5 10. Bf4 Be7 11. Nbd2 O-O 12. a3 d5 13. Bh2 b5 14. g4 Bg6 15. Nh4
dxe4 16. Nxg6 hxg6 17. g5 Nh7 18. h4 exd3 19. Qf3 Qb6 20. Bxd3 Rad8 21. Qe3 Bd6
22. Bxd6 Rxd6 23. Rad1 Ne7 24. Ne4 Rc6 25. Qf3 Qc7 26. Bf1 c4 27. h5 Nd5 28.
Rd4 gxh5 29. Qxh5 Nf4 30. Qg4 f5 31. gxf6 Nxf6 32. Nxf6+ Rxf6 33. Bg2 Nxg2 34.
Qxg2 Rd6 35. Rg4 Qa7 36. Rge4 Rd2 37. R4e2 Rxe2 38. Rxe2 Qd7 39. Qe4 Qd1+ 40.
Kg2 Qc1 41. Re3 Qd2 42. Re2 Qd1 43. Qa8+ Kh7 44. Qe4+ Rg6+ 45. Kf3 Qh1+ 46. Ke3
Qh6+ 47. Kd4 Qh2 48. Ke3 Qh6+ 49. Kd4 Qg5 50. f4 Qg1+ 51. Qe3 Qd1+ 52. Rd2 Qh1
53. Qe4 Qg1+ 54. Qe3 e5+ 55. Ke4 Qh1+ 56. Qf3 Qxf3+ 57. Kxf3 Rf6 58. f5 Rxf5+
59. Ke4 Rh5 60. Rd6 Rh6 61. Rd2 Re6 62. Kf5 Re7 63. Ke4 g6 64. Rd6 Rf7 65. Rxa6
g5 66. a4 bxa4 67. Rxa4 g4 68. Kxe5 g3 69. Ra1 g2 70. Rg1 Rf2 71. Kd4 Kg6 72.
Kxc4 Rxb2 73. Kd4 Kf5 74. c4 Kf4 75. c5 1/2-1/2